000
00294nam a22001337a 4500
008
181031b xxu||||| |||| 00| 0 eng d
020
_a
9781563638008
041
_a
eng
080
_a
615
100
_a
5
101
_a
SHF
245
_a
Physicians' Desk Reference
_c
Fotsch, E
942
_2
udc
_c
BK
999
_c
51293
_d
51293